[Event "IECC CL0-2015.00 email"]
[Site "IECC email"]
[Date "2015.02.11"]
[Round "?"]
[White "Devies, Stefaan"]
[Black "Pici, Farkas"]
[Result "1-0"]
[WhiteElo "1096"]
[BlackElo "800"]
[PlyCount "21"]
[EventDate "2015.01.26"]
[EventType "tourn (corr)"]
[EventRounds "4"]
[SourceTitle "Corr 2022"]
[Source "ChessBase"]
[SourceDate "2021.10.24"]
[SourceVersion "1"]
[SourceVersionDate "2021.10.24"]
[SourceQuality "1"]

1. e4 c6 2. d4 d5 3. e5 Bf5 4. g4 Be4 5. Nc3 Bxh1 6. Nf3 e6 7. Bd3 Nd7 8. Ng5 h6 9. Nh3 Qh4 10. Bf1 Bb4 11. Bf4 1-0

[Event "ZL-2015-0-01595"]
[Site "LSS email"]
[Date "2015.02.06"]
[Round "?"]
[White "Pici, Farkas"]
[Black "Lauer, Frederic"]
[Result "0-1"]
[WhiteElo "1445"]
[BlackElo "1145"]
[PlyCount "30"]
[EventDate "2015.02.02"]
[EventType "match (corr)"]
[EventRounds "2"]
[EventCountry "GER"]
[SourceTitle "Corr 2022"]
[Source "ChessBase"]
[SourceDate "2021.10.24"]
[SourceVersion "1"]
[SourceVersionDate "2021.10.24"]
[SourceQuality "1"]

1. Nf3 f5 2. c4 Nf6 3. Nc3 Nc6 4. d4 d6 5. a3 e5 6. dxe5 Nxe5 7. Nxe5 dxe5 8. Qxd8+ Kxd8 9. Bg5 Be7 10. 0-0-0+ Bd7 11. e3 c6 12. Be2 Kc7 13. f3 Rad8 14. Rd2 Be6 15. Rhd1 Rxd2 0-1

[Event "ZN-2015-0-02970"]
[Site "LSS email"]
[Date "2015.01.24"]
[Round "?"]
[White "Pici, Farkas"]
[Black "Lombardi, Donato"]
[Result "0-1"]
[WhiteElo "800"]
[BlackElo "842"]
[PlyCount "38"]
[EventDate "2015.01.15"]
[EventType "match (corr)"]
[EventRounds "2"]
[EventCountry "GER"]
[SourceTitle "Corr 2022"]
[Source "ChessBase"]
[SourceDate "2021.10.24"]
[SourceVersion "1"]
[SourceVersionDate "2021.10.24"]
[SourceQuality "1"]

1. Nf3 Nf6 2. c4 c5 3. Nc3 Nc6 4. d4 cxd4 5. Nxd4 e5 6. Nc2 Bb4 7. Nxb4 Nxb4 8. e4 0-0 9. Bg5 d6 10. Be2 Be6 11. a3 Nc6 12. Nd5 Bxd5 13. cxd5 Nd4 14. Bd3 h6 15. Be3 Re8 16. 0-0 Rc8 17. Bxd4 exd4 18. Re1 Qb6 19. Qd2 Rc7 0-1

[Event "ZN-2014-0-02913"]
[Site "LSS email"]
[Date "2014.12.13"]
[Round "?"]
[White "Pici, Farkas"]
[Black "Ualpaev, Sergej"]
[Result "0-1"]
[WhiteElo "800"]
[BlackElo "791"]
[PlyCount "102"]
[EventDate "2014.12.09"]
[EventType "match (corr)"]
[EventRounds "2"]
[EventCountry "GER"]
[SourceTitle "Corr 2022"]
[Source "ChessBase"]
[SourceDate "2021.10.24"]
[SourceVersion "1"]
[SourceVersionDate "2021.10.24"]
[SourceQuality "1"]

1. Nf3 e6 2. g3 Nf6 3. Bg2 Bc5 4. d4 Bb6 5. 0-0 Nc6 6. c4 d5 7. Nc3 dxc4 8. e4 Bxd4 9. Nxd4 Qxd4 10. Qa4 0-0 11. Be3 Qe5 12. Qxc4 Na5 13. Qc5 Qxc5 14. Bxc5 Rd8 15. Rad1 Bd7 16. Be7 Re8 17. Bxf6 Bc6 18. Be5 Nc4 19. Bxc7 Nxb2 20. Rb1 Nc4 21. Bf4 b5 22. Nxb5 e5 23. Bc1 Rab8 24. Nc3 Rxb1 25. Nxb1 Bb5 26. Nc3 a6 27. Nxb5 axb5 28. Rd1 h6 29. Bf1 Ra8 30. Bxc4 bxc4 31. a3 c3 32. Rd5 f6 33. Rc5 Rd8 34. Rxc3 Rd1+ 35. Kg2 Rd4 36. Kf3 Kh7 37. Be3 Rd1 38. Rc1 Rd3 39. Ra1 Kg6 40. a4 Kh5 41. a5 g5 42. a6 g4+ 43. Ke2 Rb3 44. a7 Rb2+ 45. Bd2 Rxd2+ 46. Kxd2 Kg5 47. a8R h5 48. Rh8 f5 49. exf5 Kxf5 50. Rxh5+ Ke6 51. Rxe5+ Kxe5 0-1

[Event "ZN-2014-0-02875"]
[Site "LSS email"]
[Date "2014.11.19"]
[Round "?"]
[White "Pici, Farkas"]
[Black "Newton, Daryl"]
[Result "1-0"]
[WhiteElo "825"]
[BlackElo "584"]
[PlyCount "67"]
[EventDate "2014.11.16"]
[EventType "match (corr)"]
[EventRounds "2"]
[EventCountry "GER"]
[SourceTitle "Corr 2015"]
[Source "ChessBase"]
[SourceDate "2015.07.17"]
[SourceVersion "1"]
[SourceVersionDate "2015.07.17"]
[SourceQuality "1"]

1. Nf3 Nf6 2. c4 e5 3. Nc3 Bc5 4. Nxe5 Nc6 5. Nxc6 dxc6 6. e3 Bg4 7. f3 Bf5 8. d4 Bd6 9. Bd3 Bxd3 10. Qxd3 Nh5 11. Qe4+ Be7 12. 0-0 0-0 13. Qf5 Bg5 14. f4 Nxf4 15. Rxf4 Bxf4 16. Qxf4 b6 17. b3 c5 18. d5 Rc8 19. e4 c6 20. Bb2 a6 21. a4 Rc7 22. d6 Rd7 23. Rd1 Re8 24. e5 b5 25. Ne4 Re6 26. Nxc5 Qb6 27. Bd4 Rdxd6 28. exd6 Rg6 29. d7 Qd8 30. Be3 Qe7 31. d8Q+ Qf8 32. Qxf8+ Kxf8 33. Qb8+ Ke7 34. Qd8# 1-0

[Event "OP-2014-0-03536"]
[Site "LSS email"]
[Date "2014.10.24"]
[Round "?"]
[White "Pici, Farkas"]
[Black "Lenz, Juergen"]
[Result "1-0"]
[WhiteElo "825"]
[BlackElo "905"]
[PlyCount "53"]
[EventDate "2014.10.20"]
[EventType "tourn (corr)"]
[EventRounds "4"]
[EventCountry "GER"]
[SourceTitle "Corr 2015"]
[Source "ChessBase"]
[SourceDate "2015.07.17"]
[SourceVersion "1"]
[SourceVersionDate "2015.07.17"]
[SourceQuality "1"]

1. Nf3 d5 2. g3 c5 3. Bg2 Nc6 4. 0-0 e5 5. d3 f5 6. c4 d4 7. e3 dxe3 8. fxe3 Nf6 9. Nc3 Be7 10. Nh4 0-0 11. Nxf5 Bxf5 12. Rxf5 Qd7 13. Rf1 Nb4 14. Qe2 Qxd3 15. Qxd3 Nxd3 16. b3 Rab8 17. Ba3 Ng4 18. Rad1 Rbd8 19. Nd5 Rxf1+ 20. Bxf1 Bg5 21. Rxd3 Kf7 22. e4 b6 23. Rf3+ Kg6 24. Bb2 Bf6 25. Rf5 Nh6 26. Rf2 Ng4 27. Re2 1-0